000
00322pab a2200121 454500
008
180718b xxu||||| |||| 00| 0 eng d
100
_a
Sandmo, Agnar
245
_a
Buchanan on political economy: a review article
650
_a
Buchanan, James
650
_a
Economics
773
_a
Journal of Economic Literature
909
_a
2990
999
_c
2990
_d
2990